Sufism and Persian Sufistic Literature of Bengal/ (Record no. 212299)

MARC details
000 -LEADER
fixed length control field 00546nam a22001817a 4500
005 - DATE AND TIME OF LATEST TRANSACTION
control field 20250710104122.0
010 ## - LCCN (DPL NO)
LC control number ENG-145910
020 ## - INTERNATIONAL STANDARD BOOK NUMBER
Terms of availability 700.00
International Standard Book Number 9789354264207
035 ## - SYSTEM CONTROL NUMBER
System control number EN-129442
037 ## - SOURCE OF ACQUISITION
Source of stock number/acquisition DBAD
082 ## - DEWEY DECIMAL CLASSIFICATION NUMBER
Edition number 1
100 ## - MAIN ENTRY--PERSONAL NAME
Personal name Mohammed Alimuddin
245 ## - TITLE STATEMENT
Title Sufism and Persian Sufistic Literature of Bengal/
Statement of responsibility, etc Mohammed Alimuddin
260 ## - PUBLICATION, DISTRIBUTION, ETC. (IMPRINT)
Place of publication, distribution, etc Kolkata
Name of publisher, distributor, etc Sarfaraz Printing House
Date of publication, distribution, etc 2021
270 ## - ADDRESS
Address S.N. Banerjee Road
City Kolkata
Postal code 700014
300 ## - PHYSICAL DESCRIPTION
Extent iii,167p.
Dimensions 22cm(Hb)
942 ## - ADDED ENTRY ELEMENTS (KOHA)
Source of classification or shelving scheme Dewey Decimal Classification
Item type English Books
Call number suffix ALI
Classification part 270.954
Holdings
Withdrawn status Lost status Not for loan Collection code Home library Current library Date acquired Source of acquisition Cost, normal purchase price Full call number Barcode Copy number Cost, replacement price Koha item type
    Not For Loan Non-fiction D.B.Act.Division D.B.Act.Division 10/07/2025 Delivery of Books Act Division 700.00 ALI 270.954 EN-129442 1 700.00 English Books

© Delhi Public Library
Hit Counter
free hit counter